Treintal mil pesetas por un hombre / (Record no. 39893)

MARC details
000 -LEADER
campo de control de longitud fija 00570nam a2200193 i 4500
001 - NÚMERO DE CONTROL
campo de control 39893
003 - IDENTIFICADOR DE NÚMERO DE CONTROL
campo de control ES-MaACL
005 - FECHA Y HORA DE LA ÚLTIMA TRANSACCIÓN
campo de control 20250804063356.0
007 - CAMPO FIJO DE DESCRIPCIÓN FÍSICA--INFORMACIÓN GENERAL
campo de control de longitud fija t|
008 - DATOS DE LONGITUD FIJA--INFORMACIÓN GENERAL
campo de control de longitud fija 030304s1969 sp ||||1| spa d
100 1# - ENTRADA PRINCIPAL--NOMBRE DE PERSONA
Nombre de persona Candel, Francisco,
Fechas asociadas al nombre 1925-2007
9 (RLIN) 34448
245 10 - MENCIÓN DEL TÍTULO
Título Treintal mil pesetas por un hombre /
Mención de responsabilidad, etc. Francisco Candel.
250 ## - MENCION DE EDICION
Mención de edición 1ª ed.
260 ## - PUBLICACIÓN, DISTRIBUCIÓN, ETC.
Lugar de publicación, distribución, etc. Madrid ;
-- Barcelona :
Nombre del editor, distribuidor, etc. [Alfaguara],
Fecha de publicación, distribución, etc. 1969.
300 ## - DESCRIPCIÓN FÍSICA
Extensión 219 p. ;
Dimensiones 18 cm.
740 0# - ENTRADA AGREGADA--TÍTULO RELACIONADO/ANALÍTICO NO CONTROLADO
Título relacionado o analítico no controlado 30000 mil pesetas por un hombre.
852 ## - LOCALIZACIÓN
Ubicación ES-MaACL
Número de control de estantería C-40624
Sublocalización o colección R.71878
Holdings
Estatus retirado Estado de pérdida Estado de daño No para préstamo Biblioteca de origen Biblioteca actual Ubicación en estantería Fecha de adquisición Fuente de adquisición Total de préstamos Signatura topográfica completa Código de barras Visto por última vez Precio de reemplazo Tipo de ítem Koha
        Biblioteca del Ateneo de Madrid Biblioteca del Ateneo de Madrid Depósito 2 17/01/2008     C-40624 1042007 23/02/2023 23/02/2023 Libro impreso